000 00507nam a2200205Ia 4500
005 20260429112043.0
008 260429s9999||||xx |||||||||||||| ||und||
020 _a9789384640972
041 _aEnglish
082 _a181.45
_bPAT
100 _aPathak, S.
245 0 _aYoga and human values /
_cS. Pathak
260 _aDelhi :
_bAcademic Publication,
_c2026.
300 _ax, 250 p.; hb
650 _a Ethics
650 _a Human values
650 _a Philosophy
650 _aYoga
942 _cTB
999 _c52108
_d52108